South Eastern Kenya University

Library Online Public Access Catalogue


Environmental Chemistry (Record no. 779)

MARC details
000 -LEADER
fixed length control field 00428nam a22001577a 4500
020 ## - ISBN
International Standard Book Number 9781420059205
050 ## - LIBRARY OF CONGRESS CALL NUMBER
Classification Number TD193
Item Number .M36 2010
100 ## - MAIN ENTRY--Author
Personal name Manahan Stanley E.
245 ## - TITLE
Title Environmental Chemistry
250 ## - EDITIONSTATEMENT
Edition statement 9th Edition
260 ## - PUBLICATION, DISTRIBUTION, ETC.(IMPRINT)
Place of publication, distribution, etc USA
Name of publisher, distributor, etc Taylor and Francis Group
Date of publication, distribution, etc 2010
300 ## - PHYSICAL DESCRIPTION
Extent xxix, 753p.
500 ## - GENERALNOTE
General note includes Index and Bibliographic References
650 ## - SUBJECT--TOPIC
Topical term following geographic name as entry element Environmental Chemistry
Form subdivision BOOK
General subdivision PBK
942 ## - ADDED ENTRY ELEMENTS(KOHA)
Koha item type General circulation
Holdings
Source of classification or shelving scheme Not for loan Location (home branch) Sublocation (holding branch) Date accessioned Cost, normal purchase price Full call number Barcode Cost, replacement price Nonpublic note Koha item type Public note
Library of Congress Classification   Mtito Andei Centre Library Mtito Andei Centre Library 12/08/2014 8900.10 TD193 .M36 2010 015022 9400.10 BONNIE General circulation BONNIE
Kitui, Kenya.
+254736116989
library@seku.ac.ke